Querido yo / (Registro nro. 8435)

Detalles MARC
000 -LIDER
fixed length control field 00793nam a22002657a 4500
001 - NÚMERO DE CONTROL
Identificador de número de control 00260
003 - IDENTIFICACDOR DE NÚMERO DE CONTROL
control field DO-SdBNP
005 - DATE AND TIME OF LATEST TRANSACTION
control field 20180220141954.0
008 - ELEMENTOS DE LONGITUD FIJA
fixed length control field 151022b sp 2008 xxu||||| |||| 00| 0 spa d
020 ## - ISBN
International Standard Book Number 9788434860315
040 ## - FUENTE DE CATALOGACIÓN
Agencia que crea de manera original el registro BPMSU
Idioma de catalogación spa
Agencia que realiza la transcripción BPMSU
092 ## - LOCALLY ASSIGNED DEWEY DECIMAL CALL NUMBER
Número de edición XXXX
Número de clasificación XXXX
100 1# - ASIENTO PRINCIPAL -- NOMBRE PERSONAL
Nombre personal Ron-Feder, Galila.
245 10 - MENCIÓN DE TITULO
Título Querido yo /
Mención de responsabilidad Galila Ron-Feder ; traducción del hebreo Eulália Sariola ; ilustraciones Carmen Lucini.
260 ## - PUBLICACIÓN, DISTRIBUCIÓN, ETC. (PIE DE IMPRENTA)
Lugar de publicación, distribución, etc Madrid :
Nombre del editor, distribuidor, etc. Ediciones SM
Fecha de publicación, distribución, etc 1998.
300 ## - DESCRIPCIÓN FÍSICA
Extensión 143 p.
Otros detalles físicos il. ;
Dimensiones 19 cm.
490 1# - MENCIÓN DE SERIES
Mención de serie El barco de vapor
Volume/sequential designation 112
700 ## - ASIENTO SECUNDARIO -- NOMBRE PERSONAL
Nombre personal Sariola, Eulália,
Mención de responsabilidad tr.
700 ## - ASIENTO SECUNDARIO -- NOMBRE PERSONAL
Nombre personal Lucini, Carmen,
Mención de responsabilidad il.
830 #0 - ASIENTO SECUNDARIO DE SERIE--TÍTULO UNIFORME
Título uniforme El barco de vapor ;
Número de la parte o sección de una obra 112
910 ## - VALIDACIÓN
Validación 00260
942 ## - ADDED ENTRY ELEMENTS (KOHA)
Source of classification or shelving scheme Dewey Decimal Classification
Koha item type Libros
945 ## - INFORMACIÓN DE PROCESAMIENTO LOCAL
Información de procesamiento local Inventariado, 2018 / BT
956 ## - LOCAL ELECTRONIC LOCATION AND ACCESS (OCLC)
Método de acceso Lorenza Pérez
Existencias
Withdrawn status Lost status Source of classification or shelving scheme Damaged status Not for loan Collection code Home library Current library Date acquired Source of acquisition Total Checkouts Barcode Date last seen Price effective from Koha item type
    Dewey Decimal Classification     Colección Infantil General Biblioteca Pública Metropolitana Salomé Ureña Biblioteca Pública Metropolitana Salomé Ureña 10/22/2015 FUNDI   BPMSU15100161 10/22/2015 10/22/2015 Libros